Progress in temperate fruit breeding: Proceedings of the Eucarpia Fruit Breeding Section Meeting held at Wadenswil/Einsiedeln, Switzerland from August 30 to September 3, 1993 (Record no. 41085)

MARC details
000 -LEADER
fixed length control field 00714nam a2200193Ia 4500
082 ## - DEWEY DECIMAL CLASSIFICATION NUMBER
Classification number 631.52:631.547.5
Item number SCH
245 #0 - TITLE STATEMENT
Title Progress in temperate fruit breeding: Proceedings of the Eucarpia Fruit Breeding Section Meeting held at Wadenswil/Einsiedeln, Switzerland from August 30 to September 3, 1993
260 ## - PUBLICATION, DISTRIBUTION, ETC. (IMPRINT)
Place of publication Netherlands
Name of publisher Kluwer Academic Publishers
Year of publication 1994
490 ## - SERIES STATEMENT
Series statement Developments in Plant Breeding V1
650 ## - SUBJECT ADDED ENTRY--TOPICAL TERM
Topical Term Apple RAPD markers
650 ## - SUBJECT ADDED ENTRY--TOPICAL TERM
Topical Term Disease resistance breeding
650 ## - SUBJECT ADDED ENTRY--TOPICAL TERM
Topical Term DNA fingerprinting
650 ## - SUBJECT ADDED ENTRY--TOPICAL TERM
Topical Term Genome mapping
650 ## - SUBJECT ADDED ENTRY--TOPICAL TERM
Topical Term Molecular markers
700 ## - ADDED ENTRY--PERSONAL NAME
Personal name Kellerhals, Markus
700 ## - ADDED ENTRY--PERSONAL NAME
Personal name Schmidt, Hanna
942 ## - ADDED ENTRY ELEMENTS (KOHA)
Koha item type Books
Holdings
Withdrawn status Lost status Damaged status Not for loan Home library Current library Date acquired Cost, normal purchase price Full call number Accession Number Koha item type
        RRII Library RRII Library 16/12/2021 347.00 631.52:631.547.5 SCH 21377 Books